| 000 | 00652nam a2200217Ii 4500 | ||
|---|---|---|---|
| 003 | JO-AjNU | ||
| 008 | 230606s9999||||xx |||||||||||||| ||und|| | ||
| 020 | _a0-19-432792-2 | ||
| 040 |
_aJO-AjNU _beng _erda _cJO-AjNU |
||
| 041 | _aeng | ||
| 050 | 1 | 4 | _aPE1135 |
| 100 | 3 |
_aتاليف Robinson,Carole;م.مشارك Helen Parker, _eauthor _92722 |
|
| 245 | 0 | 0 | _aThemes For Listening and Speaking |
| 250 | _a1 ed | ||
| 264 | 3 | 1 | _aNew York:Oxford University Press,1900 |
| 300 | _a52p | ||
| 336 |
_atext _btxt _2rdacontent |
||
| 337 |
_aunmediated _bn _2rdamedia |
||
| 338 |
_avolume _bnc _2rdacarrier |
||
| 650 | 4 |
_aThemes For Listening - Speaking _92723 |
|
| 999 |
_aE1425 _c1425 _d1425 |
||